Normal view
MARC view
- Anglo-French War, 1755-1763
Entry Topical Term
001 - CONTROL NUMBER
- control field: 50455
003 - CONTROL NUMBER IDENTIFIER
- control field: NUST
005 - DATE AND TIME OF LATEST TRANSACTION
- control field: 20210314134637.0
008 - FIXED-LENGTH DATA ELEMENTS
- fixed length control field: 210314|| aca||aabn | a|a d
040 ## - CATALOGING SOURCE
- Original cataloging agency: NUST
- Transcribing agency: NUST
150 ## - HEADING--TOPICAL TERM
- Topical term or geographic name entry element: Anglo-French War, 1755-1763
670 ## - SOURCE DATA FOUND
- Source citation: Work cat.: (NUST): Cambridge, Richard Owen, 50454, An account of the war in India between the English and French on the coast of Coromandel,, 1761.
